Municipalities of Galicia (Spain) / Concellos of Galicia - Statistics

General Stats
  • This quiz has been taken 2,400 times
  • The average score is 104 of 313
Answer Stats
Hint Answer % Correct
6 A Coruña
95%
292 Vigo
93%
140 Lugo
91%
228 Pontevedra
91%
201 Ourense
90%
263 Santiago de Compostela
90%
118 Ferrol
87%
265 Sanxenxo
76%
284 Tui
75%
295 Vilagarcía de Arousa
73%
180 Noia
72%
241 Ribadeo
70%
57 Betanzos
69%
131 Lalin
69%
170 Muros
68%
244 Ribeira
68%
74 Cangas
67%
78 Carballo
67%
36 Arteixo
65%
210 Padrón
65%
290 Verín
64%
307 Viveiro
64%
90 Cee
63%
123 Foz
63%
162 Monforte de Lemos
62%
185 O Grove
62%
71 Cambados
61%
145 Marín
61%
9 A Guarda
60%
63 Bueu
60%
309 Xinzo de Limia
60%
7 A Estrada
59%
60 Boiro
59%
196 Oleiros
59%
64 Burela
58%
238 Redondela
58%
37 Arzúa
57%
43 Baiona
57%
119 Fisterra
57%
152 Melide
57%
156 Moaña
57%
173 Narón
57%
20 A Pobra do Caramiñal
56%
299 Vilanova de Arousa
56%
11 A Illa de Arousa
55%
29 Allariz
55%
30 Ames
55%
181 O Barco de Valdeorras
55%
226 Pontedeume
55%
267 Sarria
55%
171 Muxía
54%
178 Nigrán
54%
199 Ortigueira
54%
239 Rianxo
54%
160 Mondoñedo
53%
189 O Porriño
53%
99 Chantada
52%
183 O Carballiño
52%
197 Ordes
52%
296 Vilalba
52%
40 As Pontes
51%
158 Mondariz
51%
220 Poio
51%
240 Ribadavia
51%
252 Sada
51%
268 Silleda
51%
231 Porto do Son
50%
274 Teo
50%
79 Cariño
49%
223 Ponteareas
49%
8 A Fonsagrada
48%
93 Cerceda
48%
117 Fene
48%
167 Mos
48%
70 Camariñas
47%
72 Cambre
47%
89 Cedeira
47%
143 Malpica
47%
155 Miño
47%
109 Culleredo
46%
313 Zas
46%
80 Carnota
45%
91 Celanova
45%
211 Palas de Rei
45%
306 Vimianzo
45%
102 Corcubión
44%
128 Guitiriz
44%
133 Laxe
44%
262 Santa Comba
44%
5 A Cañiza
43%
68 Caldas de Reis
43%
176 Negreira
43%
225 Pontecesures
43%
35 Ares
42%
26 Abegondo
41%
13 A Laracha
41%
42 Avión
41%
88 Catoira
41%
110 Cuntis
40%
111 Curtis
39%
144 Manzaneda
39%
59 Boimorto
37%
168 Mugardos
37%
159 Mondariz-Balneario
36%
242 Ribadumia
36%
275 Tomiño
36%
286 Valdoviño
36%
10 A Gudiña
35%
22 A Rúa
35%
56 Bergondo
35%
147 Mazaricos
35%
191 O Rosal
35%
204 Outes
35%
150 Meira
34%
195 Oia
34%
216 Pedrafita do Cebreiro
34%
224 Ponteceso
34%
232 Portomarín
34%
235 Quiroga
34%
291 Viana do Bolo
34%
38 As Neves
33%
81 Carral
33%
85 Castro Caldelas
33%
114 Dumbría
33%
127 Gondomar
33%
134 Laza
33%
165 Monterroso
33%
1 A Arnoia
32%
27 Agolada
32%
103 Coristanco
32%
222 Ponte Caldelas
32%
153 Melón
31%
175 Neda
31%
2 A Baña
30%
12 A Lama
30%
15 A Mezquita
30%
18 A Pobra de Trives
30%
46 Bande
30%
50 Barro
30%
62 Brión
30%
67 Cabanas
30%
294 Vilaboa
30%
97 Cervo
29%
121 Forcarei
29%
125 Friol
29%
142 Maceda
29%
188 O Pino
29%
198 Oroso
29%
203 Outeiro de Rei
29%
205 Oza-Cesuras
29%
253 Salceda de Caselas
29%
293 Vila de Cruces
29%
310 Xove
29%
54 Becerreá
28%
166 Moraña
28%
249 Rois
28%
271 Soutomaior
28%
278 Touro
28%
48 Barbadás
27%
49 Barreiros
27%
94 Cerdedo-Cotobade
27%
254 Salvaterra de Miño
27%
287 Valga
27%
288 Vedra
27%
32 Antas de Ulla
26%
21 A Pontenova
26%
61 Boqueixón
26%
66 Cabana de Bergantiños
26%
137 Lobios
26%
149 Meaño
26%
151 Meis
26%
207 Paderne
26%
251 Rábade
26%
139 Lousame
25%
259 San Sadurniño
25%
3 A Bola
24%
34 Arbo
24%
86 Castro de Rei
24%
87 Castroverde
24%
112 Dodro
24%
169 Muras
24%
270 Sobrado
24%
272 Taboada
24%
285 Val do Dubra
24%
25 Abadín
23%
4 A Capela
23%
28 Alfoz
23%
19 A Pobra do Brollón
23%
138 Lourenzá
23%
161 Monfero
23%
182 O Bolo
23%
186 O Incio
23%
194 O Vicedo
23%
16 A Pastoriza
22%
52 Beade
22%
73 Campo Lameiro
22%
120 Folgoso do Courel
22%
129 Guntín
22%
148 Mañón
22%
217 Pereiro de Aguiar
22%
221 Pol
22%
17 A Peroxa
21%
41 As Somozas
21%
95 Cerdido
21%
98 Chandrexa de Queixa
21%
100 Coirós
21%
122 Fornelos de Montes
21%
164 Monterrei
21%
243 Ribas de Sil
21%
255 Samos
21%
47 Baralla
20%
105 Cospeito
20%
107 Crecente
20%
124 Frades
20%
130 Irixoa
20%
184 O Corgo
20%
248 Rodeiro
20%
257 San Cibrao das Viñas
20%
308 Xermade
20%
312 Xunqueira de Espadanedo
20%
39 As Nogais
19%
77 Carballedo
19%
83 Castrelo de Miño
19%
96 Cervantes
19%
113 Dozón
19%
154 Mesía
19%
157 Moeche
19%
174 Navia de Suarna
19%
177 Negueira de Muñiz
19%
179 Nogueira de Ramuín
19%
202 Ourol
19%
230 Portas
19%
246 Riotorto
19%
261 Sandiás
19%
269 Sober
19%
276 Toques
19%
277 Tordoia
19%
282 Trazo
19%
283 Triacastela
19%
311 Xunqueira de Ambía
19%
24 A Veiga
18%
55 Begonte
18%
104 Cortegada
18%
212 Pantón
18%
218 Petín
18%
245 Ribeira de Piquín
18%
264 Santiso
18%
279 Toén
18%
14 A Merca
17%
31 Amoeiro
17%
33 Aranga
17%
44 Baleira
17%
51 Baños de Molgas
17%
53 Beariz
17%
76 Carballeda de Valdeorras
17%
101 Coles
17%
106 Covelo
17%
115 Entrimo
17%
172 Muíños
17%
187 O Irixo
17%
213 Parada de Sil
17%
214 Paradela
17%
247 Riós
17%
69 Calvos de Randín
16%
135 Leiro
16%
146 Maside
16%
206 Oímbra
16%
192 O Saviñao
16%
273 Taboadela
16%
297 Vilamartín de Valdeorras
16%
305 Vilasantar
16%
45 Baltar
15%
58 Boborás
15%
108 Cualedro
15%
116 Esgos
15%
163 Montederramo
15%
193 O Valadouro
15%
215 Pazos de Borbén
15%
258 San Cristovo de Cea
15%
280 Trabada
15%
300 Vilar de Barrio
15%
302 Vilardevós
15%
304 Vilarmaior
15%
23 A Teixeira
14%
75 Carballeda de Avia
14%
82 Cartelle
14%
92 Cenlle
14%
136 Lobeira
14%
208 Paderne de Allariz
14%
303 Vilariño de Conso
14%
190 O Páramo
13%
200 Os Blancos
13%
209 Padrenda
13%
219 Piñor
13%
227 Pontedeva
13%
229 Porqueira
13%
250 Rubiá
13%
256 San Amaro
13%
289 Verea
13%
301 Vilar de Santos
13%
65 Bóveda
12%
141 Láncara
12%
132 Larouco
12%
233 Punxín
12%
260 San Xoán de Río
12%
266 Sarreaus
12%
298 Vilamarín
12%
84 Castrelo do Val
11%
126 Gomesende
11%
281 Trasmiras
11%
234 Quintela de Leirado
10%
236 Rairiz de Veiga
10%
237 Ramirás
9%
No matching quizzes found
Score Distribution
Percent of People with Each Score
Percentile by Number Answered
Your Score History
You have not taken this quiz